Family Guide to Children's Ailments / (Record no. 122451)

MARC details
000 -LEADER
fixed length control field 00843nam a22002537a 4500
005 - DATE AND TIME OF LATEST TRANSACTION
control field 20170124105910.0
010 ## - LIBRARY OF CONGRESS CONTROL NUMBER
LC control number A-232708
020 ## - INTERNATIONAL STANDARD BOOK NUMBER
Terms of availability 00
International Standard Book Number 0600384853
035 ## - SYSTEM CONTROL NUMBER
System control number A-232708
037 ## - SOURCE OF ACQUISITION
Source of stock number/acquisition Cen Lib/Ret
040 ## - CATALOGING SOURCE
Original cataloging agency DPL
Language of cataloging EN
082 ## - DEWEY DECIMAL CLASSIFICATION NUMBER
Classification number 618.9
100 ## - MAIN ENTRY--PERSONAL NAME
Personal name West, Richard
245 ## - TITLE STATEMENT
Title Family Guide to Children's Ailments /
Statement of responsibility, etc by Richard west
260 ## - PUBLICATION, DISTRIBUTION, ETC. (IMPRINT)
Place of publication, distribution, etc London
Name of publisher, distributor, etc Haymlin Publishing
Date of publication, distribution, etc 1983
270 ## - ADDRESS
Address 32 Kingley Court,
City London
300 ## - PHYSICAL DESCRIPTION
Extent 192p.:
Dimensions 25cm(Hb)
Other physical details ill.
500 ## - GENERAL NOTE
General note Includes glossary and index
650 ## - SUBJECT ADDED ENTRY--TOPICAL TERM
Topical term or geographic name as entry element Medical Sciences
Geographic subdivision Health care
650 ## - SUBJECT ADDED ENTRY--TOPICAL TERM
Topical term or geographic name as entry element Health care
Form subdivision Childrens
650 ## - SUBJECT ADDED ENTRY--TOPICAL TERM
Topical term or geographic name as entry element चिकित्सा विज्ञान
Form subdivision स्वास्थ्य सेवा
650 ## - SUBJECT ADDED ENTRY--TOPICAL TERM
Topical term or geographic name as entry element स्वास्थ्य सेवा
Form subdivision लड़कों
942 ## - ADDED ENTRY ELEMENTS (KOHA)
Source of classification or shelving scheme Dewey Decimal Classification
Koha item type English Books
Classification part 618.9
Call number suffix WES
Holdings
Withdrawn status Lost status Damaged status Not for loan Collection code Home library Current library Date acquired Source of acquisition Cost, normal purchase price Total Checkouts Full call number Barcode Date last seen Copy number Cost, replacement price Price effective from Koha item type
      Not For Loan Reference Central Library Central Library 22/05/2015 Cen Lib/Ret 0.00   618.9 WES A-232708 22/05/2015 1 0.00 15/09/2016 English Books

© Delhi Public Library
Hit Counter
free hit counter